Taeglich dasselbe Theater : Heitere Geschichten fuer Jung und Alt
Αποθηκεύτηκε σε:
| Άλλοι συγγραφείς: | , |
|---|---|
| Μορφή: | Βιβλίο |
| Γλώσσα: | German |
| Δημοσίευση: |
Muenchen :
Max Hueber,
1988
|
| Σειρά: | Lesetexte Deutsch - Stufe
|
| Θέματα: | |
| Ετικέτες: |
Προσθήκη ετικέτας
Δεν υπάρχουν, Καταχωρήστε ετικέτα πρώτοι!
|
MARC
| LEADER | 00000nam a2200000 i 4500 | ||
|---|---|---|---|
| 001 | 1/104510 | ||
| 008 | 000314s1988 ger d | ||
| 020 | |a 3-19-001426-4 | ||
| 035 | |l 10058865 | ||
| 040 | |a GR-MY-UA |b gre |e aacr | ||
| 041 | 0 | |a ger | |
| 082 | 0 | |a 438 | |
| 245 | 1 | 0 | |a Taeglich dasselbe Theater : |b Heitere Geschichten fuer Jung und Alt / |c bearbeitet von Albert Schmitz und Edith Schmitz |
| 260 | |a Muenchen : |b Max Hueber, |c 1988 | ||
| 300 | |a 66 p. | ||
| 490 | 1 | |a Lesetexte Deutsch | |
| 650 | 0 | 0 | |a German language |x Study and teaching |x Foreign speakers. |
| 650 | 0 | 0 | |a German language |x Usage. |
| 650 | 0 | 0 | |a Short stories, German. |
| 700 | 1 | |a Schmitz, Albert. |4 edt | |
| 700 | 1 | |a Schmitz, Edith. |4 edt | |
| 830 | 0 | |a Lesetexte Deutsch - Stufe | |
| 852 | |a INST |b RHODES |e 20000314 |h 438 TAG |p 005400005302 |q 005400005302 |t BK |y 0 | ||
| 901 | |a BIBL4-2000-1 | ||
| 909 | |a Ρ |b 041884 | ||
| 922 | |a 4ΕΛΗ |b 199505 |c 106/ΜΠΕΡΖΑΜΑΝΗ |d ΚΩΣΤΑΡΑΚΗΣ | ||
| 970 | |z 2000/03/14 | ||